Statistics for NBA Finals MVP by Team

Click here to take the quiz!

General Stats

  • This quiz has been taken 57 times
  • The average score is 15 of 17

Answer Stats

Team Players % Correct
BullsMichael Jordan
100%
CavaliersLeBron James
100%
CelticsJohn Havlicek | Jo Jo White | Cedric Maxwell | Larry Bird | Paul Pierce
100%
HeatDwyane Wade | LeBron James
100%
MavericksDirk Nowitzki
98%
LakersJerry West | Wilt Chamberlain | Magic Johnson | Kareem Abdul-Jabbar | James Worthy | Shaquille O'Neal | Kobe Bryant | LeBron James
98%
RaptorsKawhi Leonard
98%
RocketsHakeem Olajuwon
98%
SpursTim Duncan | Tony Parker | Kawhi Leonard
98%
WarriorsRick Barry | Andre Iguodala | Kevin Durant
96%
PistonsJoe Dumars | Isiah Thomas | Chauncey Billups
94%
BucksKareem Abdul-Jabbar
90%
Trail BlazersBill Walton
67%
76ersMoses Malone
67%
WizardsWes Unseld
65%
KnicksWillis Reed
61%
SuperSonics / ThunderDennis Johnson
33%

Score Distribution

Percentile by Number Answered

Percent of People with Each Score

Your Score History

You have not taken this quiz